Turrialba: Producción agropecuaria, rama de actividad, empleo, ingresos, migración estacional, inmigración
Gespeichert in:
| Körperschaft: | |
|---|---|
| Format: | Text |
| Veröffentlicht: |
San José :
|
| Schlagworte: | |
| Tags: |
Tag hinzufügen
Keine Tags, Fügen Sie den ersten Tag hinzu!
|
MARC
| LEADER | 00000 a a2200000 04500 | ||
|---|---|---|---|
| 001 | 15184 | ||
| 003 | |||
| 040 | |||
| 090 | |a 001500 | ||
| 110 | |a Instituto de Fomento y Asesoría Municipal (Costa Rica) | ||
| 245 | |a Turrialba: Producción agropecuaria, rama de actividad, empleo, ingresos, migración estacional, inmigración | ||
| 260 | |a San José : | ||
| 300 | |a 12 p | ||
| 650 | |a TURRIALBA, CCA | ||
| 650 | |a PRODUCCION AGROPECUARIA | ||
| 650 | |a SECTORES DE LA ECONOMIA | ||
| 650 | |a EMPLEO | ||
| 650 | |a INGRESO AGRICOLA | ||
| 650 | |a MIGRACION | ||
| 650 | |a INMIGRACION | ||
| 999 | |c 10202 |d 10202 | ||
